000 00758nam a22002177a 4500
003 DO-SdBNP
005 20221110145639.0
007 ta
008 221110b2006 dr ||||| |||| 00| 0 spa d
040 _aDO-SdBNP
_bspa
_cBNPHU
082 4 _222
100 1 _aHinkelammert, Franz J.
_982796
245 1 3 _aEl grito del sujeto :
_bdel teatro-mundo del evangelio de san juan al excluyente-mundo de la globalización /
_cFranz J. Hinkelammert
260 _aSanto Domingo :
_bEdiciones MSC,
_c2006.
300 _a278 p. ;
_c22 cm.
500 _aIncluye datos biográficos del autor en la contracubierta
500 _aIncluye referencias bibliográficas y notas al pie de las páginas
590 _aInventariado, 2022/BT
910 _aBtavárez
942 _2ddc
_cLBS1
999 _c52887
_d52887